000 00840nam a2200253Ia 4500
003 OSt
005 20220930062018.0
006 a|||||r|||| 00| 0
007 ta
008 220926b |||||||| |||| 00| 0 eng d
024 _a538
037 _cTheses
040 _aCRL
_cCRL
_beng
041 _2eng
_aeng
100 _aBhasin Rajni
_9520284
110 _aUniversity of Delhi. Faculty of Medical Sciences. Department of Obstetrics and Gynaecology
245 0 _aEffect of progestagen in cases of intra uterine growth retardation
260 _c1983
650 _aWOMEN - DISEASES
700 _a Dr A Chakravarty Supervisor
_9520285
700 _aUniversity of Delhi. Faculty of Medical Sciences. Department of Obstetrics and Gynaecology
942 _cDIS
_2CC
999 _c854959
_d854959